Impact of Severe Early Childhood Caries on Different Health Parameters / (رقم التسجيلة. 180684)

تفاصيل مارك
000 -LEADER
fixed length control field 02364nam a22004337a 4500
003 - CONTROL NUMBER IDENTIFIER
control field EG-GICUC
005 - أخر تعامل مع التسجيلة
control field 20260704121102.0
008 - FIXED-LENGTH DATA ELEMENTS--GENERAL INFORMATION
fixed length control field 260704s2022 ua a|||frm||| 000 0 eng d
040 ## - CATALOGING SOURCE
Original cataloguing agency EG-GICUC
Language of cataloging eng
Transcribing agency EG-GICUC
Modifying agency EG-GICUC
Description conventions rda
041 0# - LANGUAGE CODE
Language code of text/sound track or separate title eng
Language code of summary or abstract eng
-- ara
049 ## - Acquisition Source
Acquisition Source Deposit
082 04 - DEWEY DECIMAL CLASSIFICATION NUMBER
Classification number 120
092 ## - LOCALLY ASSIGNED DEWEY CALL NUMBER (OCLC)
Classification number 120
Edition number 21
097 ## - Degree
Degree Ph.D
099 ## - LOCAL FREE-TEXT CALL NUMBER (OCLC)
Local Call Number Cai01.16.01.Ph.D.2022.Ra.I
100 0# - MAIN ENTRY--PERSONAL NAME
Authority record control number or standard number Rabab Helmy Mahmoud Ahmed,
Preparation preparation.
245 10 - TITLE STATEMENT
Title Impact of Severe Early Childhood Caries on Different Health Parameters /
Statement of responsibility, etc. by Rabab Helmy Mahmoud Ahmed ; Supervised Prof.Dr. Nancy Ahmed Fakhry , Prof.Dr. Mohamed Abou El-Yazeed Ahmed , Prof.Dr. Tamer Gad Rashed , Prof.Dr. Ghada Abd El-Wahab Ahmed.
246 15 - VARYING FORM OF TITLE
Title proper/short title تأثير تسوس الأسنان الحاد في مرحلة الطفولة المبكرة على مختلف المؤشرات الصحية /
264 #0 - PRODUCTION, PUBLICATION, DISTRIBUTION, MANUFACTURE, AND COPYRIGHT NOTICE
Date of production, publication, distribution, manufacture, or copyright notice 2022.
300 ## - PHYSICAL DESCRIPTION
Extent 188 p. :
Other physical details illustrations ;
Dimensions 25 cm. +
Accompanying material CD.
336 ## - CONTENT TYPE
Content type term text
Source rda content
337 ## - MEDIA TYPE
Media type term Unmediated
Source rdamedia
338 ## - CARRIER TYPE
Carrier type term volume
Source rdacarrier
502 ## - DISSERTATION NOTE
Dissertation note Thesis (Ph.D)-Cairo University,2022- Faculty of African Studies - Department of Anthropology
504 ## - BIBLIOGRAPHY, ETC. NOTE
Bibliography, etc. note Bibliography: p.159-181.
520 ## - SUMMARY, ETC.
Summary, etc. Early childhood caries (ECC) is the most common chronic disease among<br/>young children. It is a significant public health problem. Its Severe form (S-ECC)<br/>has impact on different health aspects. Many children suffering from S-ECC are<br/>believed to be malnourished, anemic, underweight, and have altered somatic growth<br/>patterns. Thus, S-ECC lead to nutritional deficiency anemia and poor oral healthrelated quality of life
530 ## - ADDITIONAL PHYSICAL FORM AVAILABLE NOTE
Issues CD Issues also as CD.
546 ## - LANGUAGE NOTE
Text Language Text in English and abstract in Arabic & English.
650 #0 - SUBJECT ADDED ENTRY--TOPICAL TERM
Topical term or geographic name entry element Severe Early Childhood Caries
653 #1 - INDEX TERM--UNCONTROLLED
Uncontrolled term Growth
700 0# - ADDED ENTRY--PERSONAL NAME
Personal name Nancy Ahmed Fakhry
Relator term thesis advisor.
700 0# - ADDED ENTRY--PERSONAL NAME
Personal name Mohamed Abou El-Yazeed Ahmed
Relator term thesis advisor.
700 0# - ADDED ENTRY--PERSONAL NAME
Personal name Tamer Gad Rashed
Relator term thesis advisor.
700 0# - ADDED ENTRY--PERSONAL NAME
Personal name Ghada Abd El-Wahab Ahmed
Relator term thesis advisor.
900 ## - Thesis Information
Grant date 01-01-2022
Supervisory body Nancy Ahmed Fakhry , Prof.Dr. , Prof.Dr. , Prof.Dr.
-- Mohamed Abou El-Yazeed Ahmed
-- Tamer Gad Rashed
-- Ghada Abd El-Wahab Ahmed.
Universities Cairo University
Faculties Faculty of African Studies
Department Department of Anthropology
905 ## - Cataloger and Reviser Names
Cataloger Name Shimaa
942 ## - ADDED ENTRY ELEMENTS (KOHA)
Source of classification or shelving scheme Dewey Decimal Classification
Koha item type Thesis
Edition 21
Suppress in OPAC No
المقتنيات
Source of classification or shelving scheme Home library Current library Date acquired Inventory number Full call number Barcode Date last seen Effective from Koha item type
Dewey Decimal Classification المكتبة المركزبة الجديدة - جامعة القاهرة قاعة الرسائل الجامعية - الدور الاول 04.07.2026 85940 Cai01.16.01.Ph.D.2022.Ra.I 01010110085940000 04.07.2026 04.07.2026 Thesis
Cairo University Libraries Portal Implemented & Customized by: Eng. M. Mohamady Contacts: new-lib@cl.cu.edu.eg | cnul@cl.cu.edu.eg
CUCL logo CNUL logo
© All rights reserved — Cairo University Libraries
CUCL logo
Implemented & Customized by: Eng. M. Mohamady Contact: new-lib@cl.cu.edu.eg © All rights reserved — New Central Library
CNUL logo
Implemented & Customized by: Eng. M. Mohamady Contact: cnul@cl.cu.edu.eg © All rights reserved — Cairo National University Library